Complete the Card - WWE Unforgiven 2006 - Statistics

General Stats
  • This quiz has been taken 11 times
  • The average score is 16 of 19
Answer Stats
Answer % Correct
Edge
100%
Jeff Hardy
100%
John Cena
100%
Lita
100%
Randy Orton
100%
Shane McMahon
100%
Shawn Michaels
100%
The Big Show
100%
Triple H
100%
Trish Stratus
100%
Vince McMahon
100%
Carlito
83%
Johnny Nitro
83%
Kane
83%
Kenny
67%
Mikey
67%
Umaga
67%
Robbie McAllister
33%
Rory McAllister
33%
No matching quizzes found
Score Distribution
Percent of People with Each Score
Percentile by Number Answered
Your Score History
You have not taken this quiz